| 000 | 00404nam a2200193Ia 4500 | ||
|---|---|---|---|
| 008 | 150909s9999 xx 000 0 und d | ||
| 041 | _aEnglish | ||
| 082 | _a338.1 | ||
| 082 | _bAGR/PR | ||
| 100 | _aJESY Thomas .K | ||
| 100 | _eAuthor | ||
| 245 | _aProfile - 2007 | ||
| 260 | _aVellanikara | ||
| 260 | _bKAU | ||
| 260 | _c2007 | ||
| 300 | _a42 Pages | ||
| 650 | _aProfile | ||
| 942 | _cBK | ||
| 999 |
_c251980 _d251980 |
||